|
|
แสดงรายละเอียดบรรณานุกรม |
|
|
Brief Record
: Get Marc (ISO 2709)
: E-mail record
: |
| LEADER 00000nama 2200000uu 4500 | |||
| 001 195955 | |||
| 003 ULIBM | |||
| 008 040531s|||| th m m a000 0 tha d | |||
| 020 974-340-597-6 | |||
| 041 tha | |||
| 050 BQ4570.F65 พ418 | |||
| 100 เรียบเรียงโดย พระอาจารย์ทูล ขิปปญโญ. | |||
| 245 พุทธทำนาย 16 ข้อ ทุกอย่างสำเร็จได้ด้วยใจ. | |||
| 260 กรุงเทพฯ. ชวนพิมพ์. [ 2542]. | |||
| 300 50หน้า. | |||
| 600 พุทธทำนาย. | |||
| 650 พุทธศาสนากับชีวิตประจำวัน. | |||
| 995 001 | |||
| คุณยังไม่ได้ล็อกอิน คุณสามารถมีกิจกรรมร่วมกับเว็บไซต์ได้ แต่ต้องล็อกอินก่อน :: |
|
| สถานะ | |||||||||
| 1. | หนังสือทั่วไป | BQ4570.F65 พ418 | On Shelf ขอยืม | ||||||
| [แสดง 1/1 รายการ] | |||||||||
| รายการใกล้เคียง หัวเรื่อง [พุทธศาสนากับชีวิตประจำวัน.]
|
BibComment |
| คอมเมนท์ทรัพยากรรายการนี้ |
|
|